| 000 | 01214nam a2200289Ia 4500 | ||
|---|---|---|---|
| 999 |
_c52910 _d52910 |
||
| 001 | 19940 | ||
| 003 | GE_BSU | ||
| 005 | 20200517224653.0 | ||
| 008 | 181216s1987||||ge |||||||||||||| ||geo|| | ||
| 040 | _cGE_BSU | ||
| 041 | _ageo | ||
| 080 | _a811.353.1'373.2 ჭ-83 | ||
| 100 |
_aჭუმბურიძე, ზურაბ _98055 |
||
| 245 |
_aდედაენა ქართული / _cზურაბ ჭუმბურიძე ; რედ. ნ. ჯოლოხავა ; მხატვ. ჯ. ყავლაშვილი. |
||
| 264 |
_aთბილისი : _bნაკადული, _c1987. |
||
| 300 |
_a542 გვ. ; _c21 სმ. |
||
| 541 | _h5ლ. | ||
| 653 | _aდედაენა ქართული | ||
| 653 | _aრა გქვია შენ? | ||
| 653 | _aქართული გვარები | ||
| 653 | _aრატომ ვამბობთ ასე? | ||
| 653 | _aქართული ენა | ||
| 653 | _aქართული ონომასტიკა | ||
| 700 |
_aჯოლოხავა, ნ. _eრედაქტორი _98023 |
||
| 700 |
_aყავლაშვილი, ჯ. _eმხატვარი _95903 |
||
| 942 |
_cBK _2udc |
||